00365 a2200109 4500001001000000005001700010008004100027245009200068100002800160773005000188999001700238ART_4001820260410161841.0260409a 10aEl papel del estado respecto de los derechos de las minorías ante la discriminación1 aCaputi, María Claudia0 tRAPg- Año 24, Nº 281 (feb. 2002)wREV5941 c24138d24138